Antitrust economics: selected legal cases and economic models
Uloženo v:
| Hlavní autor: | |
|---|---|
| Médium: | Kniha |
| Jazyk: | angličtina |
| Vydáno: |
Englewood Cliffs
Prentice-Hall
1968
|
| Edice: | Prentice-Hall International Series in Management
|
| Témata: | |
| Tagy: |
Přidat tag
Žádné tagy, Buďte první, kdo vytvoří štítek k tomuto záznamu!
|
MARC
| LEADER | 00000nam a2200000 a 4500 | ||
|---|---|---|---|
| 001 | UCT8552 | ||
| 003 | CL-VaPUC | ||
| 008 | 970326e19680000us |||||||||||||||||eng|d | ||
| 082 | 0 | 4 | |a 338.8 |b SIN |2 21 |
| 100 | 0 | |a Singer, Eugene M |e author |9 380329 | |
| 245 | 1 | 0 | |a Antitrust economics: selected legal cases and economic models |
| 300 | |a 276 p | ||
| 942 | |c BK | ||
| 945 | |d 19970326 00:00:00 |a paguirre | ||
| 260 | |a Englewood Cliffs |b Prentice-Hall |c 1968 | ||
| 650 | 0 | |a Monopolios |9 255549 | |
| 650 | 0 | |a Legislación antimonopolio |9 380330 | |
| 650 | 7 | |a ECONOMIA EMPRESARIAL |2 CL-VaPUC |9 363736 | |
| 650 | 0 | |a Política económica |9 255029 | |
| 583 | |a last modification |c 20150428 02:36:03 |k Rodrigo Vera | ||
| 490 | 0 | |a Prentice-Hall International Series in Management | |
| 999 | |c 257043 |d 257041 | ||
| 952 | |0 0 |1 0 |4 0 |6 338_800000000000000_SIN_1968 |7 0 |8 A |9 280273 |a BIBDER |b BIBDER |d 2019-11-19 |i 1810987 |o 338.8 SIN 1968 |p 1810987 |r 2023-01-25 |w 2019-11-19 |y BK |k DER | ||